I grandi maestri della pittura italiana dell'ottocento / (Record no. 90527)

MARC details
000 -LEADER
campo de control de longitud fija 00519nam a2200169 i 4500
001 - NÚMERO DE CONTROL
campo de control 90527
003 - IDENTIFICADOR DE NÚMERO DE CONTROL
campo de control ES-MaACL
005 - FECHA Y HORA DE LA ÚLTIMA TRANSACCIÓN
campo de control 20230906180453.0
007 - CAMPO FIJO DE DESCRIPCIÓN FÍSICA--INFORMACIÓN GENERAL
campo de control de longitud fija t|
008 - DATOS DE LONGITUD FIJA--INFORMACIÓN GENERAL
campo de control de longitud fija 050121m19591960it ||||1| ita d
100 1# - ENTRADA PRINCIPAL--NOMBRE DE PERSONA
Nombre de persona Lecaldano, Paolo.
9 (RLIN) 71044
245 12 - MENCIÓN DEL TÍTULO
Título I grandi maestri della pittura italiana dell'ottocento /
Mención de responsabilidad, etc. a cura di Paolo Lecaldano.
260 ## - PUBLICACIÓN, DISTRIBUCIÓN, ETC.
Lugar de publicación, distribución, etc. [Milano] :
Nombre del editor, distribuidor, etc. Rizzoli,
Fecha de publicación, distribución, etc. 1959-60.
300 ## - DESCRIPCIÓN FÍSICA
Extensión 2 v., 230 lám. ;
Dimensiones 35 cm.
852 ## - LOCALIZACIÓN
Ubicación ES-MaACL
Número de control de estantería B-8089-90
Sublocalización o colección R.45458
852 ## - LOCALIZACIÓN
Ubicación ES-MaACL
Número de control de estantería P-1058
Nota libre .- (1 vol.)
Holdings
Estatus retirado Estado de pérdida Estado de daño No para préstamo Biblioteca de origen Biblioteca actual Ubicación en estantería Fecha de adquisición Fuente de adquisición Total de préstamos Signatura topográfica completa Código de barras Visto por última vez Precio de reemplazo Tipo de ítem Koha
        Biblioteca del Ateneo de Madrid Biblioteca del Ateneo de Madrid Depósito 2 21/11/2019     P-1058 1201268 23/02/2023 23/02/2023 Libro impreso
        Biblioteca del Ateneo de Madrid Biblioteca del Ateneo de Madrid Sala Pardo Bazán 17/01/2008     B-8089-90 1094529 23/02/2023 23/02/2023 Libro impreso